[Event "1800 - 2299 Rated Tournament 6"]
[Site "SchemingMind.com"]
[Date "2024.02.04"]
[Round "-"]
[White "The Stonewall"]
[Black "ray winteringham"]
[Result "1-0"]
[WhiteCountry "ENG"]
[BlackCountry "ENG"]
[WhiteElo "2302"]
[WhiteRD "73"]
[BlackElo "1433"]
[BlackRD "46"]
[GameID "742122"]

1. Nc3 e5 2. Nf3 Nc6 3. d4 exd4 4. Nxd4 Nxd4 5. Qxd4 Qf6 6. Qc4 c6 7. e4 b5 8. Qd3 Bc5 9. Be3 Bxe3 10. Qxe3 Nh6
11. h3 Qe5 12. O-O-O f6 13. f4 Qe7 14. Be2 Nf5 15. Qf2 Nh6 16. Bh5+ g6 17. Be2 Bb7 18. Rhe1 O-O 19. Qh4 Qg7 20. g4 g5
21. Qf2 Nf7 22. Rxd7 Rab8 23. Qxa7 Bc8 24. Re7 gxf4 25. Qxb8 Bxg4 26. Qxf4 Bxe2 27. Nxe2 Qg5 28. Rg1
1-0

[Event "1800 - 2299 Rated Tournament 6"]
[Site "SchemingMind.com"]
[Date "2024.02.04"]
[Round "-"]
[White "ray winteringham"]
[Black "The Stonewall"]
[Result "0-1"]
[WhiteCountry "ENG"]
[BlackCountry "ENG"]
[WhiteElo "1433"]
[WhiteRD "46"]
[BlackElo "2302"]
[BlackRD "73"]
[GameID "742123"]

1. c4 Nf6 2. Nc3 g6 3. d4 Bg7 4. Nf3 d6 5. Bf4 O-O 6. e3 Nbd7 7. Bg3 b6 8. Bd3 Bb7 9. d5 Nc5 10. O-O a5
11. b3 Nxd5 12. cxd5 Bxc3 13. Rc1 Bb2 14. Rc2 Nxd3 15. Qxd3 Ba6 16. Qd2 Bxf1 17. Rxb2 Ba6 18. Nd4 Qd7 19. a4 Bb7 20. e4 c6
21. dxc6 Bxc6 22. Nxc6 Qxc6 23. f3 Rfc8 24. Bf4 b5 25. Qd4 e5 26. Qd5 Qxd5
0-1

[Event "1800 - 2299 Rated Tournament 6"]
[Site "SchemingMind.com"]
[Date "2024.02.08"]
[Round "-"]
[White "The Stonewall"]
[Black "Arthur Wilding"]
[Result "1-0"]
[WhiteCountry "ENG"]
[BlackCountry "WLS"]
[WhiteElo "2302"]
[WhiteRD "73"]
[BlackElo "1102"]
[BlackRD "64"]
[GameID "742196"]

1. Nc3 Nf6 2. d4 d5 3. Bf4 e6 4. e3 Bb4 5. Ne2 Bxc3+ 6. Nxc3 Nc6 7. Nb5 Kd7 8. Nxc7 Rb8 9. c4 e5 10. dxe5 Qxc7
11. e6+ fxe6 12. Bxc7 Kxc7 13. Qf3 Rd8 14. Qg3+ Kb6 15. c5+ Ka5 16. e4 Nd4 17. Qa3#
1-0

[Event "1800 - 2299 Rated Tournament 6"]
[Site "SchemingMind.com"]
[Date "2024.02.08"]
[Round "-"]
[White "Arthur Wilding"]
[Black "The Stonewall"]
[Result "0-1"]
[WhiteCountry "WLS"]
[BlackCountry "ENG"]
[WhiteElo "1102"]
[WhiteRD "64"]
[BlackElo "2302"]
[BlackRD "73"]
[GameID "742197"]

1. d4 e6 2. e3 f5 3. Nc3 Nf6 4. Nf3 d5 5. Bb5+ c6 6. Be2 Bd6 7. Bd2 Nbd7 8. O-O O-O 9. g3 Ne4 10. Nxe4 fxe4
11. a3 exf3 12. Bd3 Qe8 13. c3 Qh5 14. Kh1 Nf6 15. Re1 Ng4 16. Bxh7+ Qxh7 17. h4 Nxf2+ 18. Kg1 Nxd1
0-1

[Event "1800 - 2299 Rated Tournament 6"]
[Site "SchemingMind.com"]
[Date "2024.02.08"]
[Round "-"]
[White "Arthur Wilding"]
[Black "ray winteringham"]
[Result "0-1"]
[WhiteCountry "WLS"]
[BlackCountry "ENG"]
[WhiteElo "1102"]
[WhiteRD "64"]
[BlackElo "1433"]
[BlackRD "46"]
[GameID "742198"]

1. d4 d5 2. e3 Nf6 3. Nc3 e6 4. Nf3 Be7 5. Bb5+ Bd7 6. a4 a6 7. Bxd7+ Nbxd7 8. b3 O-O 9. O-O b6 10. Re1 c5
11. Bb2 h6 12. Ne2 Qc7 13. c3 c4 14. bxc4 Qxc4 15. Ba3 Bxa3 16. Nd2 Bd6 17. Nxc4 dxc4 18. Qd2 e5 19. dxe5 Bxe5 20. Nd4 Rac8
21. Nf3 Ne4 22. Nxe5 Nxd2 23. Nxd7 Rfd8 24. Ne5 Nb3 25. Rab1 Rd2 26. g3 Rc2 27. Kg2 Rxc3 28. Red1 Rc2 29. Rd7 Nd2 30. Rxb6 Ne4
31. Kf3 Ng5+ 32. Kg2 Re8 33. Nf3 Ne4 34. Rxa6 Rxf2+ 35. Kh3 Rxf3 36. Kg2 Rxe3 37. Raa7 Rf8 38. Kh3 c3 39. Rac7 Ra8 40. Rxf7 Ng5+
41. Kg4 Nxf7 42. Kf4 Rae8 43. a5 R8e4+ 44. Kf5 Nd6+ 45. Kg6 Nb5 46. Rc8+ Re8 47. Rc5 Na7 48. Rc7 Ra8 49. Rxg7+ Kf8 50. Rc7 Rc8
51. Rf7+ Ke8 52. Rxa7 c2 53. a6 c1=Q 54. Rb7 Re6+ 55. Kh5 Qg5#
0-1

[Event "1800 - 2299 Rated Tournament 6"]
[Site "SchemingMind.com"]
[Date "2024.02.08"]
[Round "-"]
[White "ray winteringham"]
[Black "Arthur Wilding"]
[Result "1-0"]
[WhiteCountry "ENG"]
[BlackCountry "WLS"]
[WhiteElo "1433"]
[WhiteRD "46"]
[BlackElo "1102"]
[BlackRD "64"]
[GameID "742199"]

1. e4 e5 2. Nf3 d6 3. Bc4 Bg4 4. h3 Bd7 5. d3 Nf6 6. Ng5 Be6 7. Nxe6 fxe6 8. Bxe6 Nc6 9. Bg5 Be7 10. Bxf6 Bxf6
11. O-O Qe7 12. Bd5 Nd8 13. Nc3 c6 14. Bb3 Nf7 15. Rb1 O-O-O 16. a3 Kb8 17. f3 Rd7 18. Bxf7 Qxf7 19. Ne2 h6 20. c4 c5
21. Nc3 a6 22. Nd5 h5 23. b4 cxb4 24. Nxb4 Ka8 25. Nd5 Bd8 26. f4 Ka7 27. fxe5 Qe6 28. exd6 Qe5 29. Qa4 Qd4+ 30. Kh1 Rxd6
31. Rf7 Qxd3 32. Rbxb7+ Ka8 33. Ra7+ Kb8 34. Qb4+ Bb6 35. Qxd6+ Kc8 36. Qd7+ Kb8 37. Qb7#
1-0

[Event "1800 - 2299 Rated Tournament 6"]
[Site "SchemingMind.com"]
[Date "2024.02.09"]
[Round "-"]
[White "The Stonewall"]
[Black "Clive Everill"]
[Result "1-0"]
[WhiteCountry "ENG"]
[BlackCountry "CZE"]
[WhiteElo "2302"]
[WhiteRD "73"]
[BlackElo "1713"]
[BlackRD "58"]
[GameID "742201"]

1. Nf3 d5 2. e3 Nf6 3. c4 e6 4. b3 Bd6 5. Bb2 O-O 6. d4 b6 7. Nc3 Bb7 8. Rc1 c6 9. Bd3 Nbd7 10. O-O Re8
11. Qc2 g6 12. Rfe1 Qc7 13. cxd5 exd5 14. Nb5 Qb8 15. Nxd6 Qxd6 16. a3 Ne4 17. Ne5 Ndf6 18. f3 Ng5 19. b4 Rac8 20. Qa4 Qb8
21. Nxc6 Bxc6 22. Rxc6 Rxc6 23. Qxc6 Re6 24. Qc2 Re7 25. Qf2 h5 26. Qh4 Ngh7 27. e4 Qb7 28. e5 g5 29. exf6 gxh4 30. Bxh7+ Kxh7
31. fxe7
1-0

[Event "1800 - 2299 Rated Tournament 6"]
[Site "SchemingMind.com"]
[Date "2024.02.09"]
[Round "-"]
[White "Clive Everill"]
[Black "The Stonewall"]
[Result "0-1"]
[WhiteCountry "CZE"]
[BlackCountry "ENG"]
[WhiteElo "1705"]
[WhiteRD "60"]
[BlackElo "2282"]
[BlackRD "74"]
[GameID "742202"]

1. Nf3 Nf6 2. Nc3 d5 3. d4 Bf5 4. Bf4 e6 5. e3 Bb4 6. Bd3 Ne4 7. Bxe4 Bxe4 8. O-O Bxc3 9. bxc3 Nc6 10. Rb1 b6
11. Ng5 Bg6 12. h4 h6 13. Nf3 Bh5 14. Bg3 Na5 15. Qc1 Bxf3 16. gxf3 Nc4 17. Kg2 O-O 18. e4 c6 19. e5 Qe7 20. Rg1 Rac8
21. Kh3 f6 22. Bf4 fxe5 23. dxe5 Kh7 24. Rg4 Qf7 25. Qh1 h5 26. Rg3 Qxf4 27. Rbg1 Nxe5 28. Rxg7+ Kh8 29. R7g5 Rf5 30. Qg2 Rxg5
31. Qxg5 Qxf3+ 32. Kh2 Ng4+ 33. Rxg4 Qxg4 34. Qf6+ Kh7 35. Qf7+ Kh6 36. Qf6+ Qg6 37. Qf4+ Kh7 38. Qa4 Kh6 39. Qf4+ Kh7 40. Qa4 Rg8
41. Qxa7+ Kh6
0-1

[Event "1800 - 2299 Rated Tournament 6"]
[Site "SchemingMind.com"]
[Date "2024.02.09"]
[Round "-"]
[White "Clive Everill"]
[Black "Arthur Wilding"]
[Result "1-0"]
[WhiteCountry "CZE"]
[BlackCountry "WLS"]
[WhiteElo "1713"]
[WhiteRD "58"]
[BlackElo "1102"]
[BlackRD "64"]
[GameID "742203"]

1. e4 e6 2. d4 d5 3. e5 Nc6 4. Nf3 Bb4+ 5. c3 Be7 6. Bd3 b6 7. Bf4 h6 8. O-O a5 9. Nbd2 Ba6 10. Bxa6 Rxa6
11. Qe2 Ra7 12. Bg3 Qd7 13. h3 Qd8 14. Nh2 Bg5 15. f4 Be7 16. f5 exf5 17. Rxf5 Qd7 18. Raf1 f6 19. exf6 Nxf6 20. Bh4 O-O
21. R5f3 Re8 22. Qb5 a4 23. Bxf6 Bxf6 24. Ng4 Bg5 25. Nb1 Ra5 26. Qd3 h5 27. Ne5 Nxe5 28. dxe5 h4 29. Qg6 Be7 30. Rf7 Bc5+
31. Kh1 Bf8 32. Rxd7 Rxe5 33. Rxf8+ Kxf8 34. Qxg7+
1-0

[Event "1800 - 2299 Rated Tournament 6"]
[Site "SchemingMind.com"]
[Date "2024.02.09"]
[Round "-"]
[White "Arthur Wilding"]
[Black "Clive Everill"]
[Result "0-1"]
[WhiteCountry "WLS"]
[BlackCountry "CZE"]
[WhiteElo "1102"]
[WhiteRD "64"]
[BlackElo "1713"]
[BlackRD "58"]
[GameID "742204"]

1. d4 d5 2. e3 e6 3. Nf3 c5 4. Nc3 Nf6 5. Bb5+ Bd7 6. Bxd7+ Nbxd7 7. dxc5 Bxc5 8. Bd2 O-O 9. O-O a6 10. Re1 b5
11. a3 Qc7 12. Qe2 Nb6 13. b4 Bd6 14. g3 Nc4 15. a4 Bxb4 16. axb5 Nxd2 17. Nxd2 Bxc3 18. bxa6 Ne4 19. Rad1 Nxd2 20. Kg2 Ne4
21. Rf1 Bf6 22. Qd3 Nc3 23. Rd2 Rfb8 24. h4 Rb4 25. Kh2 Bxh4 26. f4 Bf6 27. Rg2 Ra4 28. Qb5 Nxb5
0-1

[Event "1800 - 2299 Rated Tournament 6"]
[Site "SchemingMind.com"]
[Date "2024.02.09"]
[Round "-"]
[White "Clive Everill"]
[Black "ray winteringham"]
[Result "1-0"]
[WhiteCountry "CZE"]
[BlackCountry "ENG"]
[WhiteElo "1713"]
[WhiteRD "58"]
[BlackElo "1433"]
[BlackRD "46"]
[GameID "742205"]

1. e4 e5 2. Nc3 Bc5 3. Bc4 Qf6 4. Nf3 h6 5. Nd5 Qd8 6. b4 Bd6 7. Bb2 c6 8. Ne3 f6 9. a3 b5 10. Bb3 Qc7
11. Nf5 Kf8 12. N3h4 Ne7 13. Nxe7 Kxe7 14. Ng6+ Kd8 15. Nxh8 Bb7 16. Nf7+ Ke7 17. Qh5 Qc8 18. Nxd6 Kxd6 19. d4 exd4 20. Qc5+ Kc7
21. Bxd4 Na6 22. Qf5 Qe8 23. O-O Rd8 24. Rfe1 Bc8 25. Bxa7 d6 26. Qf3 Qg6 27. Qe3 Re8 28. Qb6+ Kd7 29. Rad1 Ke7 30. Qd4 Rd8
31. e5 d5 32. exf6+ Kf8 33. Bc5+
1-0

[Event "1800 - 2299 Rated Tournament 6"]
[Site "SchemingMind.com"]
[Date "2024.02.09"]
[Round "-"]
[White "ray winteringham"]
[Black "Clive Everill"]
[Result "0-1"]
[WhiteCountry "ENG"]
[BlackCountry "CZE"]
[WhiteElo "1433"]
[WhiteRD "46"]
[BlackElo "1713"]
[BlackRD "58"]
[GameID "742206"]

1. e4 d5 2. exd5 Qxd5 3. Qf3 Nf6 4. Qxd5 Nxd5 5. Bc4 e6 6. Nf3 Bd6 7. O-O Nb4 8. Bb3 Bd7 9. c3 Nd3 10. Bc2 Nxc1
11. Rxc1 Nc6 12. d4 Na5 13. Nbd2 Bf4 14. Rd1 O-O 15. g3 Bd6 16. Ng5 g6 17. Nde4 Be7 18. Nf3 f5 19. Ned2 Bc6 20. b4 Bxf3
21. bxa5 Bxd1 22. Rxd1 c5 23. dxc5 Bxc5 24. Bb3 Kf7 25. Nf3 Kf6 26. Rd7 Rf7 27. Rxf7+ Kxf7 28. h4 Rc8 29. Ng5+ Kf6 30. Nxh7+ Kg7
31. Bxe6 Rd8 32. Ng5 Rd2 33. Ne4 fxe4
0-1

[Event "1800 - 2299 Rated Tournament 6"]
[Site "SchemingMind.com"]
[Date "2024.02.10"]
[Round "-"]
[White "The Stonewall"]
[Black "Martin E. Hardwick"]
[Result "1-0"]
[WhiteCountry "ENG"]
[BlackCountry "ENG"]
[WhiteElo "2302"]
[WhiteRD "73"]
[BlackElo "1137"]
[BlackRD "73"]
[GameID "742229"]

1. e4 e5 2. Bc4 Bc5 3. Nc3 Nc6 4. Qg4 Qf6 5. Nd5 Qxf2+ 6. Kd1 Rb8 7. Qxg7 d6 8. Nf3 Qxg2 9. Qxg2 Nge7 10. Qg7 Rg8
11. Nf6+ Kd8 12. Nxg8 Bd7 13. Qf8+ Be8 14. Nf6 Rc8 15. Qxe8#
1-0

[Event "1800 - 2299 Rated Tournament 6"]
[Site "SchemingMind.com"]
[Date "2024.02.10"]
[Round "-"]
[White "Martin E. Hardwick"]
[Black "The Stonewall"]
[Result "0-1"]
[WhiteCountry "ENG"]
[BlackCountry "ENG"]
[WhiteElo "1137"]
[WhiteRD "73"]
[BlackElo "2302"]
[BlackRD "73"]
[GameID "742230"]

1. d4 e6 2. a3 b6 3. Nc3 Bb7 4. e4 Nf6 5. Bg5 Be7 6. e5 Nd5 7. Bxe7 Qxe7 8. Nge2 O-O 9. Qd2 f6 10. Nxd5 Bxd5
11. Ng3 fxe5 12. O-O-O Nc6 13. dxe5 Nxe5 14. Bd3 Nxd3+ 15. Qxd3 Rxf2 16. Rhf1 Rxf1 17. Rxf1 Bxg2 18. Rf2 Bc6 19. Rf4 Rf8 20. Rxf8+ Qxf8
21. h4 Qf4+ 22. Kb1 Qxh4 23. Ne2 Qg4 24. Qg3 Qxe2 25. Qxc7 Qe1+ 26. Ka2 Qc1 27. Qd8+ Kf7 28. Qh4 Bd5+ 29. Qc4 Bxc4+ 30. b3 Qxc2+
31. Ka1 Qxb3
0-1

[Event "1800 - 2299 Rated Tournament 6"]
[Site "SchemingMind.com"]
[Date "2024.02.10"]
[Round "-"]
[White "Clive Everill"]
[Black "Martin E. Hardwick"]
[Result "1-0"]
[WhiteCountry "CZE"]
[BlackCountry "ENG"]
[WhiteElo "1713"]
[WhiteRD "58"]
[BlackElo "1137"]
[BlackRD "73"]
[GameID "742231"]

1. e4 e5 2. Nc3 Nc6 3. Bc4 Bc5 4. Qg4 Qf6 5. Nd5 Qxf2+ 6. Kd1 Nge7 7. Nh3 Qd4 8. Qxg7 Rg8 9. Nf6+ Kd8 10. Nxg8 Nxg8
11. Qxg8+
1-0

[Event "1800 - 2299 Rated Tournament 6"]
[Site "SchemingMind.com"]
[Date "2024.02.10"]
[Round "-"]
[White "Martin E. Hardwick"]
[Black "Clive Everill"]
[Result "0-1"]
[WhiteCountry "ENG"]
[BlackCountry "CZE"]
[WhiteElo "1137"]
[WhiteRD "73"]
[BlackElo "1713"]
[BlackRD "58"]
[GameID "742232"]

1. e4 e5 2. Nf3 d6 3. Nc3 Nf6 4. d4 Nbd7 5. Bb5 c6 6. Be2 Be7 7. dxe5 dxe5 8. O-O O-O 9. Bg5 h6 10. Bxh6 gxh6
11. Qd2 Kh7 12. Nh4 Nc5 13. Nf5 Qxd2 14. Nxe7 Nfxe4 15. Bd3 Nxd3 16. cxd3 Nxc3 17. bxc3 Qxc3 18. Nxc8 Raxc8 19. Rac1 Qxd3 20. Rfd1 Qa3
21. Ra1 Rfd8 22. g3 Rxd1+
0-1

[Event "1800 - 2299 Rated Tournament 6"]
[Site "SchemingMind.com"]
[Date "2024.02.10"]
[Round "-"]
[White "Martin E. Hardwick"]
[Black "Arthur Wilding"]
[Result "1-0"]
[WhiteCountry "ENG"]
[BlackCountry "WLS"]
[WhiteElo "1137"]
[WhiteRD "73"]
[BlackElo "1102"]
[BlackRD "64"]
[GameID "742233"]

1. e4 e6 2. d4 d5 3. Nf3 Nf6 4. e5 Nfd7 5. Bd2 Nc6 6. Bb5 Bb4 7. c3 O-O 8. cxb4 Nb6 9. Bxc6 bxc6 10. O-O Nc4
11. Bg5 Qd7 12. Nc3 Nxb2 13. Qd2 Nc4 14. Qc1 h6 15. Bxh6 Re8 16. Qg5 Kf8 17. Qxg7+ Ke7 18. Qf6#
1-0

[Event "1800 - 2299 Rated Tournament 6"]
[Site "SchemingMind.com"]
[Date "2024.02.10"]
[Round "-"]
[White "Arthur Wilding"]
[Black "Martin E. Hardwick"]
[Result "0-1"]
[WhiteCountry "WLS"]
[BlackCountry "ENG"]
[WhiteElo "1102"]
[WhiteRD "64"]
[BlackElo "1137"]
[BlackRD "73"]
[GameID "742234"]

1. d4 d5 2. e3 Nf6 3. Nf3 Bg4 4. Be2 e6 5. Nc3 Bb4 6. Bd2 Nbd7 7. O-O Ne4 8. a3 Bxc3 9. Bxc3 Nxc3 10. bxc3 Nf6
11. Ne5 Bxe2 12. Qxe2 O-O 13. h3 Ne4 14. Qd3 f6 15. Kh2 fxe5 16. f3 Ng5 17. dxe5 c5 18. Rad1 c4 19. Qe2 Qd7 20. e4 Qe7
21. a4 Qf7 22. Kg1 Qf4 23. h4 Qxh4 24. Qe3 Rf4 25. Qf2 Qh6 26. Qg3 Raf8 27. exd5 exd5 28. Rd4 Rxd4 29. Kf2 Rd2+ 30. Kg1 Ne4
31. fxe4 Rxf1+ 32. Kxf1 Rd1+ 33. Ke2 Qd2+ 34. Kf3 Rf1+ 35. Kg4 Qe2+ 36. Qf3 Rxf3 37. gxf3 Qxc2
0-1

[Event "1800 - 2299 Rated Tournament 6"]
[Site "SchemingMind.com"]
[Date "2024.02.10"]
[Round "-"]
[White "Martin E. Hardwick"]
[Black "ray winteringham"]
[Result "0-1"]
[WhiteCountry "ENG"]
[BlackCountry "ENG"]
[WhiteElo "1137"]
[WhiteRD "73"]
[BlackElo "1433"]
[BlackRD "46"]
[GameID "742235"]

1. e4 e5 2. Nf3 d6 3. Nc3 Bg4 4. Bb5+ c6 5. Be2 Nf6 6. d4 exd4 7. Nxd4 Bxe2 8. Qxe2 Be7 9. Bg5 h6 10. Nf3 hxg5
11. e5 dxe5 12. O-O Nbd7 13. Rfd1 Qc7 14. Nxe5 Nxe5 15. Rd2 Qb6 16. Qxe5 O-O 17. Qxe7 Rfe8 18. Qa3 Rad8 19. Rxd8 Rxd8 20. Re1 Ng4
21. Ne4 Rd2 22. Qc5 Qxc5 23. Nxc5 Rxf2 24. Re8+ Kh7 25. Re4 Rxc2 26. Rxg4 Rxc5 27. Rb4= b6 28. Rb3 Rf5 29. Rh3+ Kg6 30. g4 Rf4
31. Rg3 a5 32. h4 gxh4 33. Rg2 Kg5 34. Rc2 Rxg4+ 35. Kh1 c5 36. a3 h3 37. b4 axb4 38. a4 b3 39. Rb2 c4 40. Re2 c3
41. Re5+ Kh4 42. Kh2 c2 43. Re1 b2
0-1

[Event "1800 - 2299 Rated Tournament 6"]
[Site "SchemingMind.com"]
[Date "2024.02.10"]
[Round "-"]
[White "ray winteringham"]
[Black "Martin E. Hardwick"]
[Result "1-0"]
[WhiteCountry "ENG"]
[BlackCountry "ENG"]
[WhiteElo "1433"]
[WhiteRD "46"]
[BlackElo "1137"]
[BlackRD "73"]
[GameID "742236"]

1. Nc3 e5 2. e4 Nc6 3. Be2 Bc5 4. Nf3 Nf6 5. h3 d6 6. O-O Nd4 7. a3 Nxf3+ 8. Bxf3 d5 9. exd5 Nxd5 10. Bxd5 Qf6
11. Ne4 Qb6 12. b4 Bxf2+ 13. Nxf2 Qg6 14. d3 Bxh3 15. Nxh3 O-O 16. Bxb7 Rab8 17. Be4 Qd6 18. Qh5 Qb6+ 19. Kh1 g6 20. Qxe5 Qe6
21. Qxc7 Rbc8 22. Qf4 Rxc2 23. Qh6 Re8 24. Ng5 Rxc1 25. Qxh7+ Kf8 26. Nxe6+ Rxe6 27. Qxf7#
1-0

[Event "1800 - 2299 Rated Tournament 6"]
[Site "SchemingMind.com"]
[Date "2024.02.14"]
[Round "-"]
[White "The Stonewall"]
[Black "Chessibelle"]
[Result "1-0"]
[WhiteCountry "ENG"]
[BlackCountry "ENG"]
[WhiteElo "2302"]
[WhiteRD "73"]
[BlackElo "1049"]
[BlackRD "58"]
[GameID "742280"]

1. Nc3 a6 2. g3 e5 3. Bg2 d6 4. e4 Nf6 5. Nge2 Be7 6. d4 O-O 7. O-O g6 8. h3 Bd7 9. d5 c6 10. Bh6 Re8
11. f4 Qb6+ 12. Kh2 c5 13. fxe5 dxe5 14. Qd2 Rd8 15. b3 Qd6 16. a4 a5 17. Nb1 Bc8 18. Na3 Qd7 19. Nc4 Na6 20. Bg5 Nxe4
21. Bxe4 Qxh3+ 22. Kg1 Qd7 23. Rxf7 Kxf7 24. Nxe5+
1-0

[Event "1800 - 2299 Rated Tournament 6"]
[Site "SchemingMind.com"]
[Date "2024.02.12"]
[Round "-"]
[White "Chessibelle"]
[Black "The Stonewall"]
[Result "0-1"]
[WhiteCountry "ENG"]
[BlackCountry "ENG"]
[WhiteElo "1049"]
[WhiteRD "58"]
[BlackElo "2302"]
[BlackRD "73"]
[GameID "742281"]

1. Nf3 Nf6 2. d4 g6 3. e3 Bg7 4. h3 O-O 5. Be2 d6 6. O-O Bf5 7. Nc3 Re8 8. b3 Nbd7 9. Bd2 e5 10. Nh2 c6
11. f3 exd4 12. exd4 Qb6 13. Be3 Rxe3 14. Na4 Qa5 15. g4 Rae8 16. Re1 Nd5 17. Qc1 Bxd4 18. Nf1 Rxf3+ 19. Kh1 Rxh3+ 20. Kg2 Qxe1
21. Qxe1 Nf4#
0-1

[Event "1800 - 2299 Rated Tournament 6"]
[Site "SchemingMind.com"]
[Date "2024.02.14"]
[Round "-"]
[White "Clive Everill"]
[Black "Chessibelle"]
[Result "1-0"]
[WhiteCountry "CZE"]
[BlackCountry "ENG"]
[WhiteElo "1713"]
[WhiteRD "58"]
[BlackElo "1049"]
[BlackRD "58"]
[GameID "742282"]

1. e4 e5 2. Nc3 Nc6 3. f4 d6 4. Nf3 h6 5. Bc4 Nf6 6. O-O Be7 7. d4 O-O 8. dxe5 Nd7 9. e6 Nf6 10. exf7+ Kh7
11. a3 Na5 12. Ba2 c6 13. b4 c5 14. bxa5 Qxa5 15. Bb2 b5 16. e5 Nd7 17. Qd3+ g6 18. f5 Qb6 19. fxg6+ Kg7 20. Kh1 a6
21. Nd5 Qd8 22. e6+ Nf6 23. Nxf6 Bxf6 24. Bxf6+ Qxf6 25. Qxd6 c4 26. Ne5 Qg5 27. e7 Bb7 28. Rg1 h5 29. Nd7 Kh6 30. Nxf8 Be4
31. Ne6 Qxg6 32. f8=Q+ Rxf8 33. exf8=Q+ Kh7 34. Qde7+
1-0

[Event "1800 - 2299 Rated Tournament 6"]
[Site "SchemingMind.com"]
[Date "2024.02.14"]
[Round "-"]
[White "Chessibelle"]
[Black "Clive Everill"]
[Result "0-1"]
[WhiteCountry "ENG"]
[BlackCountry "CZE"]
[WhiteElo "1049"]
[WhiteRD "58"]
[BlackElo "1713"]
[BlackRD "58"]
[GameID "742283"]

1. Nf3 d5 2. d4 Nf6 3. h3 e6 4. Bd2 c5 5. b3 Nc6 6. e3 b6 7. Bb5 Bd7 8. O-O Bd6 9. g3 O-O 10. Bd3 Qc7
11. Kg2 Rfe8 12. c4 dxc4 13. Bxc4 Ne4 14. Be1 a6 15. Bd3 Nf6 16. Nbd2 e5 17. Bc2 exd4 18. Kh2 dxe3 19. fxe3 Rxe3 20. Nc4 Re6
21. Qd3 g6 22. h4 b5 23. Ncd2 Nb4 24. Qc3 Re2+ 25. Rf2 Rae8 26. Rg2 Bxg3+ 27. Bxg3 Rxg2+ 28. Kxg2 Re2+ 29. Bf2 Nh5 30. Ng5 Nf4+
31. Kf1 Nxc2 32. Qxc2 Qc6 33. Qd1 Qh1+ 34. Bg1 Qg2#
0-1

[Event "1800 - 2299 Rated Tournament 6"]
[Site "SchemingMind.com"]
[Date "2024.02.12"]
[Round "-"]
[White "Martin E. Hardwick"]
[Black "Chessibelle"]
[Result "1-0"]
[WhiteCountry "ENG"]
[BlackCountry "ENG"]
[WhiteElo "1137"]
[WhiteRD "73"]
[BlackElo "1049"]
[BlackRD "58"]
[GameID "742284"]

1. e4 e5 2. Nf3 b6 3. d4 Nc6 4. Bg5 Nf6 5. dxe5 Be7 6. exf6 Bxf6 7. Bxf6 Qxf6 8. Nc3 O-O 9. Bd3 d6 10. O-O g6
11. Re1 Bb7 12. e5 dxe5 13. Ne4 Qe7 14. Neg5 f6 15. Nh3 a5 16. Nh4 Qg7 17. Kf1 Nd4 18. Nf3 h6 19. Be4 Nc6 20. Qd3 f5
21. Bd5+ Kh7 22. Nhg5+ Kh8 23. Ne6 Qe7 24. Nxf8 Rxf8 25. Bxc6 Bxc6 26. Nxe5 Bb7 27. Nxg6+
1-0

[Event "1800 - 2299 Rated Tournament 6"]
[Site "SchemingMind.com"]
[Date "2024.02.12"]
[Round "-"]
[White "Chessibelle"]
[Black "Martin E. Hardwick"]
[Result "0-1"]
[WhiteCountry "ENG"]
[BlackCountry "ENG"]
[WhiteElo "1049"]
[WhiteRD "58"]
[BlackElo "1137"]
[BlackRD "73"]
[GameID "742285"]

1. Nf3 Nf6 2. d4 d5 3. e3 Bg4 4. Be2 e6 5. Bd2 Nc6 6. b3 Bb4 7. c3 Ba5 8. O-O O-O 9. h3 Bh5 10. a3 Bb6
11. b4 a6 12. Re1 Ne4 13. Bc1 Qf6 14. g4 Bxg4 15. Rf1 Bxh3 16. Re1 Qg6+ 17. Kh1 Qg2#
0-1

[Event "1800 - 2299 Rated Tournament 6"]
[Site "SchemingMind.com"]
[Date "2024.02.12"]
[Round "-"]
[White "Arthur Wilding"]
[Black "Chessibelle"]
[Result "1-0"]
[WhiteCountry "WLS"]
[BlackCountry "ENG"]
[WhiteElo "1102"]
[WhiteRD "64"]
[BlackElo "1049"]
[BlackRD "58"]
[GameID "742286"]

1. d4 d5 2. Nf3 Nf6 3. e3 Bd7 4. Nc3 a6 5. Ne5 Be6 6. Be2 g6 7. O-O Bg7 8. b3 O-O 9. a4 c6 10. Bb2 b6
11. Bd3 b5 12. axb5 Qc7 13. bxc6 Nxc6 14. Nxc6 Qxc6 15. Qe2 Bc8 16. Rfe1 Bb7 17. Ba3 Rfe8 18. Na4 e6 19. c4 dxc4 20. e4 Qb5
21. Bxc4 Qc6 22. Nc5 Bc8 23. e5 h5 24. exf6 Bxf6 25. Bb2 Bg7 26. Rab1 a5 27. Rbc1 Bh6 28. Rc2 Kg7 29. d5+
1-0

[Event "1800 - 2299 Rated Tournament 6"]
[Site "SchemingMind.com"]
[Date "2024.02.12"]
[Round "-"]
[White "Chessibelle"]
[Black "Arthur Wilding"]
[Result "1-0"]
[WhiteCountry "ENG"]
[BlackCountry "WLS"]
[WhiteElo "1043"]
[WhiteRD "61"]
[BlackElo "1106"]
[BlackRD "69"]
[GameID "742287"]

1. Nf3 Nc6 2. d4 d5 3. e3 Bg4 4. Be2 Nf6 5. h3 Bxf3 6. Bxf3 e6 7. b3 Bb4+ 8. Nd2 Bxd2+ 9. Qxd2 O-O 10. O-O Qe7
11. c3 b6 12. a3 a5 13. Bb2 a4 14. b4 b5 15. Qe2 Kh8 16. g4 Na7 17. Qd3 c6 18. Bd1 Nc8 19. Bc2 Nd6 20. f3 g6
21. f4 Rae8 22. h4 Nxg4 23. Bd1 Qxh4 24. Qe2 Qg3+ 25. Qg2 Qxg2+ 26. Kxg2 Nxe3+ 27. Kf3 Nec4 28. Bc1 Ne4 29. Be2 Nxc3 30. Bd3 f5
31. Rh1 Nd6 32. Bd2 Nce4 33. Be1 Kg7 34. Rc1 Rh8 35. Rxc6 Nf7 36. Bxb5 Nd8 37. Ra6 h5 38. Bxa4 Re7 39. Bc2 Rc7 40. Bd3 Nc6
41. b5 Na7 42. Rxe6 Rf7 43. Rg1 Rh6 44. Bc2 Nxb5 45. a4 Nc7 46. Rb6 h4 47. Rh1 h3 48. a5 Nf6 49. Bd3 h2 50. Bg3 Ng4
51. a6 Ne6 52. Rxe6 Ra7 53. Be1 Kf7 54. Rd6 Nf6 55. Bg3 Ne8 56. Rxd5 Kf8 57. Be1 Rh3+ 58. Kg2 Rhh7 59. Bb4+ Kf7 60. Rc5 Rh4
61. Rd5 Nc7 62. Rd7+ Kg8 63. Rd8+ Kh7 64. Be7 Ne6 65. Bxh4 Nxf4+ 66. Kxh2 Nxd3 67. Bf6 g5 68. Bxg5 Kg6 69. Rg1 Kf7 70. Rh8 Rxa6
71. Rh7+ Kg6 72. Rh6+ Kf7 73. Rxa6 f4 74. Kg2 f3+ 75. Kxf3 Nb2 76. Rh1 Nc4 77. Rh7+ Kg8 78. Raa7 Nd6 79. Rhg7+ Kf8 80. Rgd7 Ke8
81. Rd8#
1-0

[Event "1800 - 2299 Rated Tournament 6"]
[Site "SchemingMind.com"]
[Date "2024.02.12"]
[Round "-"]
[White "ray winteringham"]
[Black "Chessibelle"]
[Result "1-0"]
[WhiteCountry "ENG"]
[BlackCountry "ENG"]
[WhiteElo "1441"]
[WhiteRD "48"]
[BlackElo "1043"]
[BlackRD "61"]
[GameID "742288"]

1. e4 e5 2. Nf3 Nc6 3. Be2 b6 4. O-O h6 5. b3 d6 6. Bb2 f6 7. h3 g5 8. c4 Nge7 9. Nc3 Nd4 10. Bd3 Be6
11. Nxd4 exd4 12. Ne2 c5 13. f4 Nc6 14. f5 Bd7 15. g4 Qc7 16. Qe1 O-O-O 17. Qg3 Be7 18. a3 a5 19. Qe1 Bf8 20. Qf2 Be8
21. Bc2 Ne5 22. Ng3 Bc6 23. Nh5 b5 24. Nxf6 Bb7 25. d3 Qf7 26. cxb5 Qxf6 27. a4 Bg7 28. Bb1 Rdf8 29. Bc2 Qe7 30. Bc1 Qf6
31. Bd2 Ba8 32. Bxa5 Kd7 33. b4 c4 34. dxc4 Nxc4 35. Rfd1 Re8 36. Rab1 Re5 37. Bd3 Ne3 38. Rdc1 Ke7 39. Rc7+ Kf8 40. Rbc1 Kg8
41. Bb6 Kh7 42. Bxd4 Bxe4 43. Bxe4 Rhe8 44. Bxe5 Rxe5 45. Qxe3 Qd8 46. f6+ Kg8 47. Rc8 Bxf6 48. Rxd8+
1-0